Islamabadia lähinnä olevat pääkaupungit - Statistics

Yleistilastot
  • Tätä visaa on pelattu 23 kertaa
  • Keskiarvotulos 12 / 20
Vastaustilastot
km pääkaupunki % Oikein
689 New Delhi
100%
370 Kabul
94%
2652 Bagdad
81%
1990 Teheran
81%
2184 Baku
75%
2083 Abu Dhabi
69%
2013 Dhaka
69%
911 Taškent
69%
1030 Biškek
63%
2625 Jerevan
63%
1346 Kathmandu
63%
2422 Kuwait
56%
2627 Tbilisi
56%
1404 Ašgabat
50%
1945 Astana
50%
2279 Doha
50%
2314 Manama
38%
1816 Masqat
38%
660 Dushanbe
31%
1727 Thimphu
31%
Ehtoja vastaavia visoja ei löytynyt
Tulosjakauma
Jokaisen tuloksen saaneiden osuus
Persentiili vastausten määrän mukaan
Tuloshistoriasi
Et ole pelannut tätä visaa